Financial accounting for decision makers / (Record no. 9405)

MARC details
000 -LEADER
fixed length control field 00916nac a22002531u 4500
010 ## - LIBRARY OF CONGRESS CONTROL NUMBER
LC control number 2004057757
020 ## - INTERNATIONAL STANDARD BOOK NUMBER
International Standard Book Number 0273688472 (alk. paper)
082 00 - DEWEY DECIMAL CLASSIFICATION NUMBER
Classification number 658.15
Item number ATR
090 ## - LOCALLY ASSIGNED LC-TYPE CALL NUMBER (OCLC); LOCAL CALL NUMBER (OCLC)
-- 9405
-- 9405
100 ## - MAIN ENTRY--PERSONAL NAME
Personal name Atrill, Peter.
245 10 - TITLE STATEMENT
Title Financial accounting for decision makers /
Statement of responsibility, etc Peter Atrill and Eddie McLaney.
250 ## - EDITION STATEMENT
Edition statement 4th ed.
260 ## - PUBLICATION, DISTRIBUTION, ETC. (IMPRINT)
Place of publication, distribution, etc New York :
Name of publisher, distributor, etc Prentice Hall/Financial Times,c2005.
Date of publication, distribution, etc c2005.
300 ## - PHYSICAL DESCRIPTION
Extent xxii, 415 p. :
Other physical details col. ill. ;
Dimensions 27 cm.
500 ## - GENERAL NOTE
General note Rev. ed of: Financial accounting for non-specialists / Peter Atrill and Eddie McLane. 3rd ed. 2002.
500 ## - GENERAL NOTE
General note Distributer: Al-Ahram.
504 ## - BIBLIOGRAPHY, ETC. NOTE
Bibliography, etc Includes bibliographical references and index.
511 ## - PARTICIPANT OR PERFORMER NOTE
Participant or performer note Catalogued By: Mahitab.
650 #0 - SUBJECT ADDED ENTRY--TOPICAL TERM
Topical term or geographic name as entry element Accounting.
650 #0 - SUBJECT ADDED ENTRY--TOPICAL TERM
Topical term or geographic name as entry element Decision making.
700 1# - ADDED ENTRY--PERSONAL NAME
Personal name McLaney, E. J.
700 1# - ADDED ENTRY--PERSONAL NAME
Personal name Atrill, Peter.
942 ## - ADDED ENTRY ELEMENTS (KOHA)
Item type Book - Borrowing
Call number prefix 658.15ATR
Holdings
Withdrawn status Item status Damaged status Not for loan Home library Current library Shelving location Date acquired Source of acquisition Total Checkouts Full call number Barcode Date last seen Date last borrowed Cost, replacement price Koha item type
        Central Library Central Library First floor 07/05/2008 Purchase 2 658.15ATR 000011444 15/07/2025 24/03/2016 279.70 Book - Borrowing